[Event "3rd HoliCup Lake City 2019"]
[Site "Udaipur"]
[Date "2019.03.29"]
[Round "4.19"]
[White "Matta, Vinay Kumar"]
[Black "Babel, T Divyanshu"]
[Result "1-0"]
[WhiteElo "2146"]
[BlackElo "1676"]
[Annotator "TA"]
[PlyCount "107"]
[EventDate "2019.??.??"]
[EventCountry "IND"]
[SourceTitle "playchess.com"]
[Source "ChessBase"]
[SourceQuality "1"]

{[%evp 12,107,43,33,102,75,70,78,169,169,170,179,206,197,213,104,114,110,102,76,114,76,103,81,148,64,174,141,187,176,183,186,215,214,214,215,213,208,212,208,273,266,250,169,137,85,180,92,97,93,171,102,98,104,117,138,188,164,169,162,252,243,243,224,285,266,814,810,760,760,875,878,842,800,658,825,825,820,813,796,693,579,684,658,1135,1118,4946,2266,2489,2920,5061,3545,3411,2305,29970,29956,29974,29972]} 1. e4 d6 2. d4 Nf6 3. Nc3 g6 4. f4 Bg7 5. Nf3 c5 6. Bb5+ Bd7 7. e5 Nh5 {B09: Pirc Defence: Austrian Attack} ({Black should play} 7... Ng4 $14) (7... Ng4 8. e6 Bxb5 9. exf7+ Kf8 10. Nxb5 Qa5+ 11. Nc3 cxd4 12. Nxd4 Kxf7 13. Qxg4 Bxd4 14. Bd2 Qf5 15. Qxf5+ gxf5 16. Nb5 Bb6 17. O-O-O Nd7 {½-½ (38) Nakamura,H (2769)-Carlsen,M (2843) Stavanger 2018}) 8. g4 Bxb5 9. Nxb5 Qa5+ (9... Qd7 $16 {might work better.}) 10. Nc3 $18 cxd4 $146 ({Predecessor:} 10... Nxf4 11. Bxf4 cxd4 12. Qxd4 dxe5 13. Nxe5 f6 14. Nc4 Qa6 15. O-O e5 16. Rae1 Nc6 17. Qd5 Rf8 18. Nb5 Ke7 19. Nc7 Nb4 20. Qc5+ Kd7 21. Rd1+ Kc8 22. Nxa6+ {1-0 (22) Pick,S (2004)-Gnass,A (1662) Bergisch Gladbach 1995}) 11. Nxd4 dxe5 12. Nb3 Qb4 13. a3 (13. gxh5 $18 {is the precise move to win. aiming for h6.} exf4 14. O-O Qb6+ 15. Rf2 Bxc3 16. bxc3) 13... Qc4 $16 14. gxh5 {And now Qd5 would win.} exf4 15. Qd3 Qe6+ 16. Kf2 Qg4 17. Qf3 Qh4+ (17... Qxf3+ $142 18. Kxf3 Bxc3) 18. Ke2 (18. Kf1 $16) 18... Nc6 (18... Bxc3 $1 $14 19. bxc3 e5) 19. Bxf4 $18 e5 20. Bg3 Qc4+ 21. Kf2 O-O-O 22. Rad1 f5 23. Rxd8+ Rxd8 24. Rd1 Rxd1 25. Qxd1 g5 26. Kg2 e4 27. Be1 Be5 28. Nd2 ({White should try} 28. Qe2 Qe6 29. Nc5) 28... Qd4 (28... Qe6 $16 {was called for.}) 29. Nf1 (29. Qe2 $18) 29... Qxd1 $16 30. Nxd1 f4 (30... Kd7 $16 {was worth a try.}) 31. Bc3 (31. Nf2 $18) 31... e3 {[#] Strongly threatening ...e2.} 32. Kf3 g4+ 33. Ke2 Bd6 34. Ndxe3 fxe3 35. Nxe3 Bxh2 (35... Ne5 $142 36. a4 Kd7) 36. Nxg4 $18 {[%mdl 4096] Endgame KBN-KBN} Bf4 37. Kf3 Bg5 {[#]} 38. Ke4 $1 Ne7 $2 (38... b5 39. Kf5 Bc1) 39. Bf6 Bxf6 40. Nxf6 {KN-KN} h6 41. Ng4 Kd7 42. Nxh6 Ke6 43. Ng4 Nf5 44. Kf4 Nd6 45. Kg5 Kf7 46. Ne5+ Kg7 47. c4 b6 48. b4 a6 49. h6+ Kh7 50. Kf6 Ne4+ 51. Ke6 Kxh6 52. Nd7 Nd2 53. Nxb6 Nb1 54. a4 {Accuracy: White = 61%, Black = 26%.} 1-0

[Event "3rd HoliCup Lake City 2019"]
[Site "Udaipur"]
[Date "2019.03.29"]
[Round "4.20"]
[White "Nitul, Khare"]
[Black "Joshi, Govind Ballabh"]
[Result "0-1"]
[WhiteElo "1651"]
[BlackElo "2128"]
[Annotator "TA"]
[PlyCount "94"]
[EventDate "2019.??.??"]
[EventCountry "IND"]
[SourceTitle "playchess.com"]
[Source "ChessBase"]
[SourceQuality "1"]

{[%evp 15,94,18,13,0,0,0,0,-26,-21,-15,21,17,17,0,27,35,36,0,8,0,9,8,9,0,14,0,14,-10,0,-10,-14,-10,-16,-12,-8,-9,-6,0,0,0,0,-136,-140,-141,-116,-87,-44,-52,-107,-314,-295,-429,-421,-425,-362,-414,-423,-406,-396,-618,-612,-454,-190,-508,-148,-140,-148,-933,-907,-2059,-1747,-6697,-5218,-5102,-5077,-5073,-5073,-29988,-29989,-29992,-29993]} 1. e4 c5 2. c3 Nf6 3. e5 Nd5 4. Nf3 e6 5. d4 cxd4 6. cxd4 d6 7. Be2 Nc6 8. O-O Be7 9. Nc3 {B22: Sicilian: 2 c3} (9. Re1 O-O 10. Nbd2 dxe5 11. dxe5 Nf4 12. Bf1 Nd3 13. Re3 Nxc1 14. Rxc1 Nb4 15. Qb3 b6 16. Ne4 Bb7 {0-1 (48) Hansen,S (2329)-Aagaard,J (2517) Denmark 2013}) 9... Nxc3 10. bxc3 dxe5 11. Nxe5 {The position is equal.} Nxe5 12. dxe5 Qxd1 (12... Qa5 {looks sharper.} 13. Qb3 O-O 14. Be3 Qxe5 15. Bf3 Bd6) 13. Rxd1 Bd7 14. Be3 $146 ({Predecessor:} 14. Bf3 O-O-O 15. Be3 Kb8 16. a4 Bc8 17. Bd4 Rd7 18. a5 Rc7 19. Rab1 Rd8 20. h3 {½-½ (20) Bartos,A (2065)-Houska,J (2182) Czechia 2011}) 14... Bc6 15. a4 a6 16. a5 O-O 17. Bb6 Rfc8 18. c4 Kf8 19. Rd4 Ke8 20. Rad1 Bd8 21. c5 Bd5 22. Bf3 Bxf3 23. gxf3 Bxb6 24. cxb6 $11 {[%mdl 4096] Endgame KRR-KRR} Rc5 25. Rd7 Rb8 26. f4 g5 27. f5 {Threatens to win with f6.} Rxe5 28. f6 {[#]} (28. fxe6 $11 {remains equal.} Rxe6 29. R1d5) 28... Re1+ $1 $17 {[%mdl 576] Deflection} 29. Rxe1 Kxd7 {KR-KR} 30. Rd1+ Kc6 {Hoping for ...Kb5.} 31. Kg2 Kb5 $1 {[%cal Rb5a5]} 32. Ra1 $2 (32. Rd7 $17 {might work better.}) 32... Rd8 $19 33. Rc1 (33. Kg3 {is a better defense.}) 33... Kxa5 34. Rc7 Kxb6 35. Rxf7 a5 36. Re7 a4 37. Rxe6+ (37. f7 $142 Rf8 38. Rxe6+ Kc5 39. Re5+ Kc6 40. Re6+ Kc5 41. Re5+ Kc6 42. Re7) 37... Ka5 38. Kg3 a3 (38... b5 $142 39. f4 gxf4+ 40. Kxf4 a3) 39. Kg4 $2 (39. Re3 Kb4 40. Re4+ Kb5 41. Re5+ Kb6 42. Re3) 39... a2 $2 (39... b5 $19 {is more deadly.} 40. Re7 b4 41. Ra7+ Kb6) 40. Re1 $17 {And now Ra1 would win.} Ka4 {Strongly threatening ...b5.} 41. Kxg5 $2 {[%mdl 8192]} (41. Re4+ $17 Kb3 42. Re3+ Kb4 43. Re4+ Kc5 44. Re5+ Kb4 45. Re4+ Kc5 46. Re5+ Kb4 47. Re4+) 41... b5 $19 42. f4 b4 43. f5 b3 44. f7 Rf8 45. Kf6 b2 46. Re4+ Kb5 47. Re8 b1=Q {Accuracy: White = 24%, Black = 63%.} 0-1

[Event "3rd HoliCup Lake City 2019"]
[Site "Udaipur"]
[Date "2019.03.30"]
[Round "5"]
[White "Das, Sayantan"]
[Black "Arun Rathi"]
[Result "1/2-1/2"]
[WhiteElo "2435"]
[BlackElo "1939"]
[Annotator "TA"]
[PlyCount "94"]
[EventDate "2019.??.??"]
[EventCountry "IND"]
[SourceTitle "playchess.com"]
[Source "ChessBase"]
[SourceQuality "1"]

{[%evp 18,94,8,22,29,21,18,4,15,7,17,0,62,56,47,53,72,57,95,95,95,95,95,91,102,100,102,92,81,95,93,80,95,75,68,63,77,68,70,63,67,66,61,70,86,61,41,19,35,47,28,0,0,0,0,0,0,0,0,11,50,0,38,0,0,0,0,-10,-5,-42,0,0,0,0,0,0,0,0,43]} 1. e4 c6 2. d4 d5 3. Nd2 dxe4 4. Nxe4 Bf5 5. Ng3 Bg6 6. h4 h6 7. Nf3 e6 8. Ne5 Bh7 9. Bd3 Bxd3 10. Qxd3 Nd7 {B19: Classical Caro-Kann: 4...Bf5 main line} 11. Qe2 (11. f4 Be7 12. Bd2 Nxe5 13. fxe5 Bxh4 14. O-O-O Bxg3 15. Qxg3 Ne7 16. Qxg7 Rg8 17. Qxh6 Qd5 18. Kb1 {½-½ (27) Predojevic,B (2626)-Saric,I (2692) Germany 2018}) 11... Ngf6 12. Bd2 Be7 13. O-O-O O-O 14. Kb1 c5 (14... Qc7 $11) 15. dxc5 Nxe5 16. Qxe5 {Bxh6! is the strong threat.} Qc8 17. Bc3 $146 ({Predecessor:} 17. Nf5 exf5 18. Qxe7 Re8 19. Qd6 {0-1 (55) Hinrichs,L (2242)-Brunner,L (2454) Skopje 2015}) 17... Qc6 18. f3 Qxc5 19. Qxc5 Bxc5 20. Bxf6 $1 gxf6 21. Ne4 Be7 22. Rd7 {[%mdl 64] [#] Double Attack} Rfe8 23. Rxb7 f5 24. Nf2 Bf6 25. g4 Rab8 26. Rxb8 Rxb8 $14 {[%mdl 4096] Endgame KRB-KRN} 27. Nd3 fxg4 28. fxg4 Rd8 29. h5 $1 Rd4 30. Rf1 Bg5 31. Rg1 Kg7 32. a3 f5 33. gxf5 exf5 34. b4 Kf6 35. Kb2 f4 36. Kc3 Rd8 37. a4 Kf5 38. Rf1 Kg4 39. Rg1+ Kh3 40. b5 f3 41. a5 Be3 42. Rg6 Bg5 43. Nf2+ Kg3 {[%mdl 1024] Black has compensation.} 44. Ne4+ {[%mdl 64] [#] Double Attack. The position is equal.} Kf4 45. Nf2 Kg3 46. Ne4+ {[%mdl 64] Double Attack} Kf4 47. Nf2 Ke5 {Accuracy: White = 50%, Black = 69%.} 1/2-1/2

[Event "3rd HoliCup Lake City 2019"]
[Site "Udaipur"]
[Date "2019.03.30"]
[Round "5"]
[White "Harikrishnan.A.Ra"]
[Black "Awadh Chaitanya"]
[Result "1-0"]
[WhiteElo "2413"]
[BlackElo "1882"]
[Annotator "TA"]
[PlyCount "73"]
[EventDate "2019.??.??"]
[EventCountry "IND"]
[SourceTitle "playchess.com"]
[Source "ChessBase"]
[SourceQuality "1"]

{[%evp 10,73,68,10,15,0,-12,-10,8,0,40,67,63,33,25,-12,-23,-39,-40,-32,14,-63,-57,-46,-52,-45,-54,-52,4,5,20,47,25,0,51,0,214,234,301,300,287,293,322,316,293,289,402,387,430,433,327,432,395,400,504,429,419,408,493,487,577,575,836,806,1412,1379]} 1. Nf3 c5 2. g3 Nf6 3. Bg2 g6 4. O-O Bg7 5. d4 O-O 6. d5 (6. dxc5 $14 Na6 7. Be3) 6... b5 $11 {A49: 1 d4 Nf6 2 Nf3 g6 3 g3: Anti-King's Indian systems} 7. d6 (7. c4 a6 8. Re1 d6 9. e4 Bg4 10. Nc3 bxc4 11. e5 Nfd7 12. exd6 exd6 13. Bf4 Ne5 14. Bxe5 Bxe5 {0-1 (59) Praggnanandhaa,R (2539)-Gledura,B (2615) Wijk aan Zee 2019}) 7... Bb7 8. Nc3 a6 {The position is equal.} 9. Be3 Qb6 $146 ({Predecessor:} 9... exd6 10. Qxd6 b4 11. Na4 Ne4 12. Qd3 Qc7 13. c4 d6 14. Rad1 {0-1 (29) Khurtsidze,N (2295)-Maksimovic,S (2190) Kishinev 1995}) 10. dxe7 Re8 11. b4 d6 12. Rb1 Qc7 13. bxc5 dxc5 14. Bf4 Qa5 15. Qd3 (15. Qd2 $11) 15... Rxe7 $15 16. Bd6 $1 {[%cal Rd6e7]} Re8 17. Bxc5 Nc6 18. Nd5 Rad8 (18... Nxd5 $15 19. Qxd5 Rad8) 19. e4 $36 {[%mdl 2048] Black is under pressure.} Nxd5 (19... Nxe4 $5 20. Bb6 $8 Qxb6 21. Nxb6 Rxd3 22. cxd3 Nc3 $11) 20. exd5 Qxa2 21. d6 {Black must now prevent d7.} Qe6 (21... Nb8 $11) 22. Ng5 ({White should play} 22. Rfd1 $14) 22... Qd7 $2 (22... Qc8 $1 $11 {and Black is okay.} 23. Bh3 Rd7 24. Bxd7 Qxd7) 23. Bh3 $18 {[%mdl 64] [#] Trapped Piece} Ne5 {aiming for ...Qc6.} 24. Bxd7 Nxd3 25. Bxe8 Nxc5 26. Bxf7+ Kf8 27. Ba2 Rxd6 {intending ...h6.} 28. Rfe1 {[%cal Rg5h7] [#]} Bc3 29. Nxh7+ Kg7 30. Re7+ Kh6 31. h4 Bc6 32. Ng5 {[%csl Gg5][%cal Re7h7]} Rd7 33. Rxd7 Nxd7 34. Rd1 {White is clearly winning.} Ne5 35. Rd6 Bb7 36. f4 Ng4 37. Rd7 {Accuracy: White = 70%, Black = 37%.} 1-0

[Event "3rd HoliCup Lake City 2019"]
[Site "Udaipur"]
[Date "2019.03.30"]
[Round "5"]
[White "Sauravh, Khherdekar"]
[Black "Dhiraj, Patil"]
[Result "1-0"]
[WhiteElo "2272"]
[BlackElo "1425"]
[Annotator "TA"]
[PlyCount "83"]
[EventDate "2019.??.??"]
[EventCountry "IND"]
[SourceTitle "playchess.com"]
[Source "ChessBase"]
[SourceQuality "1"]

{[%evp 17,83,4,10,6,71,71,79,92,79,85,95,100,143,137,150,158,148,155,189,189,189,189,189,174,162,179,227,193,256,250,292,293,293,254,278,268,293,231,275,247,247,256,340,317,748,739,875,853,874,845,1243,1179,1646,1582,1731,1641,1704,1628,1593,1591,1551,1504,1788,1459,3085,3000,29984,29985]} 1. d4 Nf6 2. Bg5 e6 3. Nd2 d5 4. e3 Be7 5. Bd3 Nbd7 6. Ngf3 h6 7. Bh4 O-O 8. O-O c5 9. c3 c4 10. Bc2 {D03: 1 d4 d5 2 Nf3 Nf6 3 Bg5, including Torre Attack with early ...d5} Nh5 (10... b5 $11) 11. Bxe7 $16 Qxe7 12. Ne5 {White is better.} Nhf6 13. f4 Nxe5 14. fxe5 $146 ({Predecessor:} 14. dxe5 Nh7 15. Nf3 Bd7 16. Qe2 Bc6 17. Rf2 f5 {1-0 (34) Riedl,M (2181)-Novak,J (2078) Czechia 2003}) 14... Ne8 15. Qh5 Qg5 16. Qxg5 hxg5 17. Nf3 f6 18. Nxg5 fxg5 {[#]} 19. Bh7+ $1 {[%mdl 512]} Kxh7 20. Rxf8 Bd7 21. Raf1 {[%mdl 1024] White has strong compensation.} Kg6 22. R8f7 Rd8 (22... Bc6 {is a better defense.} 23. Re7 Rc8 24. Rxe6+ Kh7) 23. Re7 $18 a6 24. Rf8 b6 {[#]} 25. Rxd7 $1 {[%mdl 576] Remove Defender, Deflection} Rxd7 26. Rxe8 {[%mdl 4096] Endgame KR-KR} Kf5 27. Kf2 g4 28. Rb8 b5 29. Ra8 b4 30. cxb4 ({Not} 30. Rxa6 bxc3 31. bxc3 Rb7 $11) 30... c3 $2 (30... Rb7 31. a3 (31. Rxa6 Rxb4 32. b3 cxb3 $11) 31... Rb6) 31. bxc3 Rc7 32. Rxa6 Rxc3 33. b5 Rc2+ 34. Kg3 Re2 35. b6 Rb2 36. a4 {[%cal Ba2a4,Ba4a5,Ba5a6][%mdl 32]} Rb3 37. a5 Rxe3+ 38. Kf2 Rb3 39. Ra7 g5 40. Rc7 Ke4 41. b7 Kxd4 42. a6 {Accuracy: White = 95%, Black = 30%.} 1-0

[Event "3rd HoliCup Lake City 2019"]
[Site "Udaipur"]
[Date "2019.03.30"]
[Round "5"]
[White "Manigandan, S S"]
[Black "Kadam Rishi R"]
[Result "1-0"]
[WhiteElo "2157"]
[BlackElo "1553"]
[Annotator "TA"]
[PlyCount "82"]
[EventDate "2019.??.??"]
[EventCountry "IND"]
[SourceTitle "playchess.com"]
[Source "ChessBase"]
[SourceQuality "1"]

{[%evp 24,82,30,30,39,41,47,39,28,41,44,3,65,58,58,60,131,136,138,137,135,130,137,127,190,192,182,149,181,87,103,0,32,26,28,-44,0,0,0,0,12,0,14,0,26,16,15,15,20,0,27,0,0,0,23,0,0,-570,-554,-543,0]} 1. d4 Nf6 2. Nf3 g6 3. c4 Bg7 4. Nc3 O-O 5. e4 d6 6. Be2 e5 7. O-O Nc6 8. d5 Ne7 9. b4 Nh5 10. Re1 f5 11. Ng5 Nf6 12. Bf3 fxe4 13. Ncxe4 Nxe4 {E97: King's Indian: Classical Main Line (6...e5 7 0-0 Nc6): 8 Be3 and 8 d5 Ne7, not 9 Ne1} (13... Nf5 14. Nxf6+ Bxf6 15. Ne4 Nd4 16. Be3 Nxf3+ 17. Qxf3 Bh4 18. Qe2 Bf5 19. Nc3 Bg5 20. a3 Bxe3 21. Qxe3 Rf7 22. c5 {½-½ (22) Topalov,V (2750)-Gelfand,B (2665) Novgorod 1996}) 14. Bxe4 Nf5 15. Ne6 Bxe6 $1 {White is slightly better.} 16. dxe6 Rb8 17. c5 $146 (17. Be3 $5) ({Predecessor:} 17. Be3 Nxe3 18. Rxe3 Qe7 19. b5 Kh8 20. Bd5 a6 21. Qa4 axb5 22. cxb5 {½-½ (52) Lafont de Sent,T (2250)-Decha,G Rochefort 1998}) 17... Qe7 (17... dxc5 $11 18. Qxd8 (18. bxc5 Qf6 $11) 18... Rfxd8) 18. cxd6 $14 Nxd6 19. Bd5 Rfd8 {[#]} (19... Nf5 $14) 20. Bg5 $1 $16 {[%cal Rg5e7]} Qxg5 21. e7+ $1 Kh8 22. exd8=Q+ Rxd8 23. Qb3 Nb5 (23... a6 $16 24. Rad1 c6) 24. Bxb7 $18 Nd4 25. Qd3 c6 26. Qe4 (26. Rac1 $18 {and White stays clearly on top.}) 26... Rf8 $16 {[%cal Bd8f8,Bf8f4,Bf4g4][%mdl 32]} 27. Kf1 (27. Bxc6 $16 Rf4 28. Qd5) 27... Rf4 28. Qe3 Nc2 29. Qg3 ({Don't play} 29. Qxa7 e4 $17) (29. Qd2 $11 Nxe1 30. Rxe1) 29... Rg4 30. Qh3 Nxa1 31. Rxa1 h5 {Threatens to win with ...e4.} 32. Bxc6 Rxb4 33. Bd5 Qd8 34. Bb3 e4 35. Rd1 Rd4 36. Rc1 Qg5 37. Qc8+ Rd8 38. Qc5 Qf4 {Strongly threatening ...Bd4.} 39. g3 Qf3 {( -> ...Bd4)} 40. Qg5 $2 {[%mdl 8192]} (40. Qe3 $11 {and White stays safe.}) 40... Rf8 $19 {[%csl Gf8][%cal Rf3f2]} 41. Rc2 {intending Kg1.} e3 $2 {[%mdl 32768] Accuracy: White = 34%, Black = 41%. . Loss on time!?} ({Black should play} 41... Qh1+ $19 42. Ke2 {[#]} Rxf2+ $1 {[%mdl 512]} 43. Kxf2 Bd4+ 44. Ke2 Qxh2+ 45. Kf1 (45. Ke1 $2 Qg1+ 46. Ke2 Qf2+ 47. Kd1 Qf1+ 48. Kd2 e3+ 49. Qxe3 Bxe3+ 50. Kxe3 Qh3 $19) 45... Qg1+ 46. Ke2 Qf2+ 47. Kd1 Qf1+ 48. Kd2 e3+ 49. Qxe3 Bxe3+ 50. Kxe3 Kg7 51. Rc7+ Kh6) 1-0

[Event "3rd HoliCup Lake City 2019"]
[Site "Udaipur"]
[Date "2019.03.30"]
[Round "5"]
[White "Joshi, Govind Ballabh"]
[Black "Shah Moxit J"]
[Result "1-0"]
[WhiteElo "2128"]
[BlackElo "1785"]
[Annotator "TA"]
[PlyCount "83"]
[EventDate "2019.??.??"]
[EventCountry "IND"]
[SourceTitle "playchess.com"]
[Source "ChessBase"]
[SourceQuality "1"]

{[%evp 17,83,78,68,75,91,78,85,85,84,80,85,79,120,117,143,153,237,243,243,235,240,217,236,253,287,276,366,311,287,287,288,272,284,273,297,267,242,230,234,229,265,267,273,229,233,227,264,277,317,313,368,243,229,0,355,352,352,352,642,656,837,813,29993,29994,29994,29995,29996,29997]} 1. e4 d6 2. d4 Nf6 3. f3 g6 4. c4 Bg7 5. Nc3 Na6 6. Be3 O-O 7. Qd2 c5 8. Nge2 cxd4 9. Nxd4 Nc5 10. Be2 {E81: King's Indian: Sämisch: 6th move deviations (including 6 Be3 c6)} Ne6 11. Nc2 a6 12. O-O {White is better.} Bd7 13. Rfd1 Qc7 14. Rac1 Qb8 $146 ({Predecessor:} 14... Rae8 15. Nd5 Qb8 16. Nb6 Bc6 17. Nb4 Rd8 18. N4d5 {1-0 (41) Laznicka,V (2478)-Zeman,A (2100) Litomysl 2004}) 15. Nb4 Nc7 16. c5 Nfe8 (16... dxc5 $16 17. Bxc5 Be6 18. Bxe7 Qa7+ 19. Qd4 Qxd4+ 20. Rxd4 Rfe8) 17. Nbd5 $18 Nxd5 18. Nxd5 Qd8 19. Bg5 f6 20. Be3 Bc6 21. Nf4 Bd7 22. Bc4+ (22. cxd6 Nxd6 23. Nd5 Bc6 $16) 22... Kh8 23. Qf2 {[#] Intending Nxg6+! and mate.} (23. cxd6 $6 Nxd6 24. Bb3 Rc8 $18) 23... g5 24. Nd5 Rb8 25. Nb6 Bc6 26. b4 Qc7 27. Qg3 dxc5 28. Bxc5 ({Much less strong is} 28. bxc5 $6 Rd8) 28... Nd6 29. Be6 ({Weaker is} 29. Bxd6 exd6 30. Nd5 Qd8 $16) 29... Rbd8 30. Nd5 Bxd5 31. exd5 ({Don't play} 31. Bxd5 Qd7) 31... Qb8 32. Bb6 Rde8 33. a4 h6 34. Bd7 Rd8 35. Be6 (35. Rc7 $142) 35... Rde8 36. Re1 f5 37. Bd7 Rd8 $2 (37... Bf6 38. Bxe8 Qxe8) 38. Rxe7 Bf6 {[#]} 39. Qh3 $1 {[%mdl 512]} Bxe7 40. Qxh6+ {White mates.} Kg8 41. Be6+ Nf7 42. Bd4 {Accuracy: White = 83%, Black = 43%.} 1-0

[Event "3rd HoliCup Lake City 2019"]
[Site "Udaipur"]
[Date "2019.03.30"]
[Round "5"]
[White "Dahale, Atul"]
[Black "Ananthapadmanabh D V"]
[Result "1-0"]
[WhiteElo "2102"]
[BlackElo "1701"]
[Annotator "TA"]
[PlyCount "123"]
[EventDate "2019.??.??"]
[EventCountry "IND"]
[SourceTitle "playchess.com"]
[Source "ChessBase"]
[SourceQuality "1"]

{[%evp 17,123,-7,36,-20,25,18,10,0,39,-14,0,-32,-32,-54,-20,-60,-12,-89,-77,-85,-78,-80,-38,-150,-85,-108,-99,-94,-59,-56,4,11,16,12,9,0,0,-26,-18,-23,0,0,0,-26,15,14,25,21,20,20,27,35,73,73,62,80,82,66,112,87,145,130,130,136,133,20,214,207,207,204,218,215,212,200,200,199,206,206,201,198,542,402,722,715,713,695,688,697,29959,12123,29984,29985,29985,29986,29982,29982,29990,29988,29983,29981,29983,29984,29989,29990,29988,29989,29989,29990]} 1. d4 d5 2. c4 e6 3. Nc3 Nf6 4. cxd5 exd5 5. Bg5 Nbd7 6. Qc2 Be7 7. e3 c6 8. Bd3 h6 9. Bf4 O-O 10. Nge2 {D36: Queen's Gambit Declined: Exchange Variation: Main line (5 Bg5 c6 6 Qc2)} (10. h3 $14) (10. h3 Re8 11. Nf3 Nf8 12. O-O-O Be6 13. Kb1 Rc8 14. g4 N6d7 15. Rhg1 c5 16. dxc5 Rxc5 17. Nd4 a6 18. Bf5 b5 19. Nb3 Rc4 {1-0 (35) Zakhartsov,V (2532)-Lederman,L (2269) Pardubice 2016}) 10... b5 11. O-O $146 ({Predecessor:} 11. h3 a6 12. O-O c5 13. a3 c4 14. Bf5 Nb6 15. Bxc8 Rxc8 16. f3 Bd6 17. Bxd6 Qxd6 {1-0 (39) Krueger,S (1912)-Marzec,W (1800) Wiesbaden 2014}) 11... Bb7 12. f3 {The position is equal.} a6 13. a3 (13. Ng3 $14) 13... c5 14. g4 Re8 15. Kh1 Rc8 16. Qd2 Nf8 17. Ng3 (17. Bf5 $11) 17... Ne6 $17 18. Nce2 Nxf4 19. Nxf4 Bd6 20. Nfe2 (20. Nf5 $15) 20... Rc6 (20... g6 $142 {...Qe7 is the strong threat.} 21. dxc5 Bxc5) 21. Rac1 Bf8 (21... g6 {keeps more tension.} 22. e4 Bxg3 23. Nxg3 dxe4 24. Bxe4 Nxe4 25. Nxe4 cxd4 26. Rcd1 Rce6) 22. dxc5 Bxc5 23. Nd4 Bxd4 (23... Rc7 $15) 24. exd4 $11 Rxc1 25. Qxc1 Nd7 26. Nf5 Nf8 27. Qd2 Bc8 28. Ng3 Qf6 29. Nh5 Qg5 30. f4 (30. Rf2 {seems wilder.} Bd7 31. Kg2 Ne6 32. Bf5 Nf8 33. Bd3) 30... Qe7 (30... Qxg4 $6 31. Nf6+ $1 {[%mdl 512]} gxf6 32. Rg1 $16) 31. f5 Qe3 32. Qxe3 Rxe3 33. Rd1 g6 34. Nf4 Rf3 35. Nxd5 {And now Ne7+ would win.} Kg7 36. Be4 Rf2 37. b4 $36 {[%mdl 2048] White has the initiative.} Bb7 38. Nc3 Bxe4+ ({Black should play} 38... Bc8) 39. Nxe4 $16 {[%mdl 4096] Endgame KRN-KRN} Rf4 40. Nc5 gxf5 41. d5 (41. Nxa6 fxg4 42. Nc7 Rf2 $14) (41. gxf5 $16 {Hoping for d5.} Kf6 42. d5 (42. Nxa6 Rxf5 43. d5 Rf3 $16)) 41... Rf3 $2 (41... fxg4 $11 42. d6 Rf3) 42. gxf5 $18 ({Not} 42. Nxa6 fxg4 43. Nc5 Rxa3 $14) 42... Rxa3 43. d6 {Strongly threatening Rg1+.} Kf6 44. Rd5 a5 45. Ne4+ {[%mdl 64] Discovered Attack} Kg7 {[#]} 46. bxa5 $1 ({Don't take} 46. Rxb5 $6 axb4 47. Kg2 (47. Rxb4 Rd3 $14) 47... Rd3 $14) 46... Rxa5 {[#]} 47. d7 $1 {[%cal Rd7d8]} Nxd7 48. Rxd7 {KRN-KR} Ra1+ $2 (48... b4 {is tougher.} 49. Rb7 Rxf5) 49. Kg2 Ra2+ (49... b4 $142 50. h4 b3) 50. Kg3 Ra8 51. Rb7 Ra3+ 52. Kf4 Ra2 53. Nd6 Rxh2 54. Rxf7+ {White mates.} Kg8 55. Rb7 Rd2 56. Ke5 h5 57. Rb8+ Kh7 58. Rxb5 h4 59. Rb4 Rh2 60. f6 Re2+ 61. Re4 Rxe4+ 62. Nxe4 {Accuracy: White = 52%, Black = 35%.} 1-0

[Event "3rd HoliCup Lake City 2019"]
[Site "Udaipur"]
[Date "2019.03.30"]
[Round "5"]
[White "Rathore, S.K."]
[Black "Pingale Shivraj"]
[Result "0-1"]
[WhiteElo "2092"]
[BlackElo "1600"]
[Annotator "NA RC"]
[PlyCount "52"]
[EventDate "2019.??.??"]
[EventCountry "IND"]
[SourceTitle "playchess.com"]
[Source "ChessBase"]
[SourceQuality "1"]
[TimeControl "5400+30"]

1. c4 e5 2. Nc3 Nc6 3. g3 f5 4. Bg2 Nf6 5. d3 g6 6. f4 d6 7. Nf3 Bg7 8. O-O O-O 9. Rb1 exf4 10. Bxf4 Ne7 $14 11. Qc1 c6 12. b4 d5 13. Be5 h6 14. cxd5 Nexd5 15. Nh4 Kh7 16. Nxd5 Nxd5 17. Bxg7 Kxg7 18. e4 Ne7 19. Qc3+ Kh7 20. Rbe1 Bd7 21. Qe5 Rf7 22. g4 g5 23. Nxf5 Ng6 24. Qd6 Bxf5 25. exf5 Qxd6 26. fxg6+ Kxg6 0-1